[Event "ch-IRI 2017"]
[Site "Tehran IRI"]
[Date "2017.03.09"]
[Round "6.5"]
[White "Gholami,A"]
[Black "Bagheri,Maziar"]
[Result "1-0"]
[WhiteElo "2426"]
[BlackElo "2302"]

1.Nf3 Nf6 2.g3 d5 3.Bg2 c6 4.O-O Bg4 5.c4 e6 6.b3 Nbd7 7.Bb2 Bd6 8.d3 Qe7
9.Nbd2 O-O 10.Qc2 e5 11.h3 Bh5 12.e4 dxe4 13.dxe4 Bxf3 14.Nxf3 Rfe8 15.Rad1
Nf8 16.c5 Bc7 17.a3 Red8 18.h4 N6d7 19.b4 Ne6 20.Bh3 Qf6 21.Qb3 Ndf8 22.Qc3
Nd7 23.Rd2 Qe7 24.Rfd1 f6 25.Qb3 Nf8 26.Rxd8 Rxd8 27.Rxd8 Bxd8 28.Bxe5 fxe5
29.Ng5 b6 30.Bxe6+ Nxe6 31.Nxe6 Qf7 32.Qd3 Bxh4 33.Qd6 Be7 34.Qxc6 h5 35.Qd5
bxc5 36.bxc5 h4 37.c6 hxg3 38.Ng5 gxf2+ 39.Kf1 Qxd5 40.exd5 {#r} 1-0

[Event "ch-IRI 2017"]
[Site "Tehran IRI"]
[Date "2017.03.09"]
[Round "7.1"]
[White "Lorparizangeneh,S"]
[Black "Idani,P"]
[Result "0-1"]
[WhiteElo "2524"]
[BlackElo "2576"]

1.d4 Nf6 2.Nf3 d5 3.c4 dxc4 4.e3 a6 5.Bxc4 b5 6.Bd3 Bb7 7.O-O e6 8.a4 b4
9.Nbd2 c5 10.Qe2 cxd4 11.exd4 Be7 12.Nc4 a5 13.Nce5 O-O 14.Bg5 Nbd7 15.Rac1 h6
16.Bf4 Nd5 17.Bg3 Rc8 18.Ba6 Rxc1 19.Rxc1 Nxe5 20.Nxe5 Ba8 21.Rc8 Qb6 22.Qh5
g6 23.Nxg6 Rxc8 24.Bxc8 Qc6 25.Qxh6 fxg6 26.Qxg6+ Kf8 27.Qh6+ Ke8 28.Qg6+ Kf8
29.Qh6+ Ke8 30.Qg6+ Kd8 31.Qg8+ Qe8 32.Qxe8+ Kxe8 33.Bxe6 Bf6 34.Bd6 Bxd4
35.b3 Nc3 36.Bc7 Bc5 37.Kf1 Ke7 38.Bg8 Bb7 39.Ke1 Bxg2 40.Bxa5 Bf3 41.Kd2 Ne4+
42.Kd3 Nxf2+ 43.Kc4 Kd6 44.Kb5 Nd3 45.h4 Bc6+ 46.Ka6 Bf2 47.Bb6 Nc5+ 48.Ka5
Nb7+ 49.Ka6 Bxh4 50.a5 Nc5+ 51.Ka7 Bd5 52.Bc7+ Kxc7 53.Bxd5 Bf2 54.Ka8 Nd7
55.Bf7 Ne5 56.Bg8 Nc6 57.a6 Na7 58.Be6 Kb6 59.Bc4 Bg3 60.Bf1 Nc6 61.Bc4 Na5
62.a7 Nxc4 63.bxc4 Kc7 64.c5 Bf2 65.c6 Bxa7 {#R} 0-1

[Event "ch-IRI 2017"]
[Site "Tehran IRI"]
[Date "2017.03.09"]
[Round "7.3"]
[White "Pourramezanali,A"]
[Black "Gholami,A"]
[Result "1-0"]
[WhiteElo "2510"]
[BlackElo "2426"]

1.d4 Nf6 2.g3 e6 3.Bg2 c5 4.Nf3 cxd4 5.Nxd4 d5 6.O-O Be7 7.c4 O-O 8.cxd5 exd5
9.Nc3 Nc6 10.Bf4 Be6 11.Nxe6 fxe6 12.Bh3 e5 13.Bg5 d4 14.Bxf6 Bxf6 15.Qb3+ Kh8
16.Ne4 Qb6 17.Qxb6 axb6 18.a3 Be7 19.Rac1 Rfd8 20.Rfd1 h6 21.Rd3 Bf8 22.Kf1 b5
23.Rb3 b4 24.axb4 Nxb4 25.Rc7 b6 26.Rc4 Ra1+ 27.Kg2 Re1 28.Bg4 Nd5 29.Rc6 g5
30.Re6 Bg7 31.Ra3 Rc1 32.Ra7 Rc7 33.Rxc7 Nxc7 34.Rxb6 Nd5 35.Rb7 Nf6 36.Bf5
Nxe4 37.Bxe4 Bf8 38.b4 Kg8 39.b5 Bd6 40.Bd3 Rb8 41.Rd7 Rb6 42.Kf3 Kf8 43.Ke4
Ke8 44.Rh7 Bb8 45.Kd5 Kd8 46.Kc5 Rf6 47.Rh8+ Kc7 48.b6+ {#r} 1-0

[Event "ch-IRI 2017"]
[Site "Tehran IRI"]
[Date "2017.03.09"]
[Round "7.5"]
[White "Mosadeghpour,Masoud"]
[Black "Tabatabaei,M"]
[Result "0-1"]
[WhiteElo "2444"]
[BlackElo "2515"]

1.Nf3 e6 2.e4 d5 3.exd5 exd5 4.d4 Bd6 5.c4 c6 6.Nc3 Ne7 7.Bg5 f6 8.Be3 Be6
9.c5 Bc7 10.Bd3 Nd7 11.Qc2 Nf8 12.O-O-O Qd7 13.Rde1 Kf7 14.Ne2 Bf5 15.Bf4 Bxd3
16.Qxd3 b6 17.Bxc7 Qxc7 18.Ng3 Nfg6 19.Nh5 bxc5 20.dxc5 Qa5 21.Kb1 Qxc5 22.Nd4
Rab8 23.b3 Rb4 24.Ne6 Qc4 25.Qf3 Rhb8 26.Kb2 a5 27.Nexg7 Qd4+ 28.Kb1 Nh4
29.Qg3 Nef5 30.Nxf5 Nxf5 31.Qf3 a4 32.Rd1 Qc4 33.Rc1 Rxb3+ {#R} 0-1

[Event "Accentus Young Masters"]
[Site "Bad Ragaz SUI"]
[Date "2017.03.09"]
[Round "9.1"]
[White "Colmenares,A"]
[Black "Kurmann,O"]
[Result "0-1"]
[WhiteElo "2370"]
[BlackElo "2459"]

1.e4 e5 2.Nf3 Nc6 3.Bc4 Bc5 4.c3 Nf6 5.d3 a6 6.O-O d6 7.Bb3 O-O 8.h3 h6 9.Re1
Re8 10.Nbd2 Be6 11.Bc2 d5 12.exd5 Qxd5 13.Qe2 Rad8 14.Nh4 Qd7 15.Ne4 Be7
16.Ng3 Nd5 17.Qe4 Ndb4 18.cxb4 Bd5 19.Qe2 Bxh4 20.a3 Nd4 21.Qd1 Qc6 {#R} 0-1

[Event "Accentus Young Masters"]
[Site "Bad Ragaz SUI"]
[Date "2017.03.09"]
[Round "9.2"]
[White "Gaehwiler,G"]
[Black "Baenziger,Fabian"]
[Result "1-0"]
[WhiteElo "2401"]
[BlackElo "2341"]

1.e4 c5 2.Nf3 d6 3.d4 cxd4 4.Nxd4 Nf6 5.Nc3 g6 6.Be3 a6 7.Be2 Bg7 8.g4 b5
9.Bf3 e5 10.Nf5 gxf5 11.exf5 Nxg4 12.Bxg4 Bb7 13.Nd5 O-O 14.f6 Bxd5 15.Qxd5
Qxf6 16.Qxa8 Nd7 17.Qf3 Qxf3 18.Bxf3 f5 19.Bd5+ Kh8 20.Be6 {#r} 1-0

[Event "Accentus Young Masters"]
[Site "Bad Ragaz SUI"]
[Date "2017.03.09"]
[Round "9.4"]
[White "Kaczmarczyk,D"]
[Black "Dragnev,Valentin"]
[Result "0-1"]
[WhiteElo "2411"]
[BlackElo "2520"]

1.d4 Nf6 2.c4 e6 3.Nf3 d5 4.Nc3 c5 5.cxd5 Nxd5 6.e4 Nxc3 7.bxc3 cxd4 8.cxd4
Bb4+ 9.Bd2 Bxd2+ 10.Qxd2 O-O 11.Bc4 Nd7 12.O-O b6 13.Rfe1 Bb7 14.Rad1 Rc8
15.Bb3 h6 16.d5 Nc5 17.dxe6 Nxe6 18.Bxe6 fxe6 19.Qe3 Qe7 20.Nd4 Kh8 21.f3 Ba6
22.Rc1 Bc4 23.Rc2 Qd7 24.Rec1 Bxa2 25.Rxc8 Rxc8 26.Rxc8+ Qxc8 27.Qa3 Qc4
28.Qd6 Qc1+ 29.Kf2 Qd2+ 30.Kg3 Bc4 31.h4 Kh7 32.e5 b5 33.Nc6 Qe1+ 34.Kh3 Qh1+
35.Kg3 Qe1+ 36.Kh3 Qf2 37.Qf8 Bf1 38.Kg4 Qxg2+ 39.Kf4 g5+ {#R} 0-1

[Event "Accentus Young Masters"]
[Site "Bad Ragaz SUI"]
[Date "2017.03.09"]
[Round "9.5"]
[White "Studer,N"]
[Black "Demuth,A"]
[Result "1-0"]
[WhiteElo "2462"]
[BlackElo "2527"]

1.e4 e5 2.Nf3 d6 3.d4 exd4 4.Nxd4 Nf6 5.Nc3 Be7 6.g3 d5 7.e5 Ng4 8.Bg2 c6
9.Bf4 Qb6 10.O-O g5 11.Be3 h5 12.Qd2 Nxe3 13.fxe3 Be6 14.e4 dxe4 15.Kh1 Nd7
16.Nxe6 fxe6 17.Rf7 e3 18.Rxe7+ Kxe7 19.Qd6+ Kd8 20.Rd1 Rh7 21.Qf8+ Kc7
22.Qxa8 Qxb2 23.Qg8 Qxc2 24.Qxe6 Qxc3 25.Qd6+ Kb6 26.Rb1+ Ka6 27.Bf1+ e2
28.Bxe2+ b5 29.Bxb5+ Ka5 30.Bxc6 Nb6 31.e6 h4 32.g4 h3 33.Rf1 Rg7 34.Be4 Rc7
35.e7 Rc8 36.Qe6 Re8 37.Bc6 Qc2 38.Qf5+ {#r} 1-0

[Event "Stockholm Chess Challenge"]
[Site "Stockholm SWE"]
[Date "2017.03.09"]
[Round "5.4"]
[White "Kaasen,Tor Fredrik"]
[Black "Haubro,M"]
[Result "0-1"]
[WhiteElo "2442"]
[BlackElo "2347"]

1.e4 c5 2.Nf3 d6 3.Bb5+ Nd7 4.O-O Nf6 5.Re1 a6 6.Bd3 e5 7.c3 g6 8.a4 b6 9.Bc2
Bg7 10.d4 O-O 11.Nbd2 exd4 12.cxd4 cxd4 13.Nxd4 Bb7 14.Nb1 Re8 15.Nc3 d5
16.exd5 Rxe1+ 17.Qxe1 Nxd5 18.Nxd5 Bxd5 19.Be3 Qc7 20.Qd2 Ne5 21.Bf4 Qb7
22.Re1 Nc4 23.Qc3 Rc8 24.Bb3 b5 25.Bxc4 Bxc4 26.Qe3 bxa4 27.Qe8+ Rxe8 28.Rxe8+
Bf8 29.Bh6 Qe7 30.Rxf8+ Qxf8 31.Bxf8 Kxf8 32.f4 Ke7 33.Kf2 Kd6 34.Ke3 Kc5
35.g3 Kb4 36.Kd2 Be6 37.Nc6+ Kb3 38.Kc1 a3 39.bxa3 Kxa3 40.Kc2 Ka4 41.Kc3 Kb5
42.Nd4+ Kc5 43.Nc2 a5 44.Ne3 a4 45.Nc2 Kd5 46.Kb4 Ke4 47.Kxa4 Kf3 48.Kb4 Kg2
49.Ne3+ Kf2 50.Nd1+ Kg1 51.Ne3 h5 52.Kc5 Kxh2 53.Kd4 Kxg3 54.Ke4 h4 55.Nf1+
Kf2 56.Nd2 h3 57.Nf3 Bd5+ {#R} 0-1

[Event "Stockholm Chess Challenge"]
[Site "Stockholm SWE"]
[Date "2017.03.09"]
[Round "5.5"]
[White "Pogosyan,Stefan"]
[Black "Hambleton,A"]
[Result "0-1"]
[WhiteElo "2215"]
[BlackElo "2441"]

1.d4 Nf6 2.c4 e6 3.Nc3 Bb4 4.Qc2 O-O 5.a3 Bxc3+ 6.Qxc3 b5 7.cxb5 a6 8.e3 axb5
9.Bxb5 c5 10.Be2 cxd4 11.Qxd4 Nc6 12.Qd1 Qa5+ 13.Bd2 Qb6 14.b4 Ba6 15.b5 Bxb5
16.Qb3 Rfb8 17.Rb1 Qc5 18.Bxb5 Rxa3 19.Qb2 Ra7 20.Ne2 Rab7 21.Nc3 Nd5 22.e4
Nxc3 23.Qxc3 Qxc3 24.Bxc3 Rxb5 25.Rxb5 Rxb5 26.Ke2 f6 27.h4 h5 28.f3 Kf7 29.g4
Rc5 30.Kd3 Ne5+ 31.Bxe5 Rxe5 32.f4 Ra5 33.g5 Ra3+ 34.Ke2 Rg3 35.Kf2 Rg4 36.Kf3
e5 37.fxe5 fxg5 38.hxg5 Rxg5 39.Kf4 Rg4+ 40.Kf3 g6 41.Rd1 Ke6 42.Rd5 Rg1
43.Kf2 Rg5 44.Rd6+ Kxe5 45.Rd5+ Kf4 {#R} 0-1

[Event "Stockholm Chess Challenge"]
[Site "Stockholm SWE"]
[Date "2017.03.09"]
[Round "5.8"]
[White "Tuomainen,Felix"]
[Black "Mihajlov,Seb"]
[Result "0-1"]
[WhiteElo "2297"]
[BlackElo "2346"]

1.d4 d5 2.c4 c6 3.Nc3 e6 4.Nf3 Nf6 5.e3 Nbd7 6.Qc2 Bd6 7.b3 b6 8.Be2 Bb7 9.O-O
O-O 10.e4 dxe4 11.Nxe4 Nxe4 12.Qxe4 Nf6 13.Qh4 c5 14.dxc5 Bxc5 15.Bb2 Qe7
16.Ne5 Ne4 17.Qxe7 Bxe7 18.Rad1 Rfd8 19.Bh5 g6 20.Bf3 f5 21.Nd7 Kf7 22.Rfe1
Rac8 23.Ne5+ Ke8 24.Bxe4 Bxe4 25.f3 Bc2 26.Rc1 Bb4 27.Rf1 Rd2 28.Kh1 Bxb3
29.axb3 Rxb2 30.Rcd1 Rxb3 31.f4 Re3 32.g4 Bc3 33.gxf5 exf5 {#R} 0-1

[Event "Stockholm Chess Challenge"]
[Site "Stockholm SWE"]
[Date "2017.03.09"]
[Round "5.9"]
[White "Pantzar,Milton"]
[Black "Westerberg,J"]
[Result "0-1"]
[WhiteElo "2257"]
[BlackElo "2475"]

1.d4 Nf6 2.c4 e6 3.Nc3 Bb4 4.e3 O-O 5.Bd3 d5 6.Nf3 b6 7.O-O Ba6 8.cxd5 exd5
9.Bxa6 Nxa6 10.Qd3 Qc8 11.Bd2 Re8 12.Rac1 Qb7 13.a3 Bf8 14.b4 c5 15.bxc5 bxc5
16.Rb1 Qc8 17.Qb5 Nc7 18.Qa4 c4 19.Nb5 Nxb5 20.Rxb5 Bd6 21.Bb4 a6 22.Ra5 Bc7
23.Rc5 Nd7 24.Rxd5 Nb6 25.Qa5 Nxd5 26.Qxd5 Rd8 27.Qh5 Qe6 28.Rc1 Rac8 29.Ng5
Qg6 30.Qxg6 hxg6 31.g3 Bb6 32.Ne4 f5 33.Nd6 Rc6 34.Nb7 Rb8 35.Nc5 a5 36.Nd7
axb4 37.Nxb8 Rc8 38.Nd7 b3 39.Nxb6 b2 40.Rf1 c3 41.Na4 Rc4 {#R} 0-1

[Event "Stockholm Chess Challenge"]
[Site "Stockholm SWE"]
[Date "2017.03.09"]
[Round "6.2"]
[White "Bajarani,U"]
[Black "Hansen,Mads3"]
[Result "1-0"]
[WhiteElo "2466"]
[BlackElo "2446"]

1.d4 d5 2.c4 c6 3.Nf3 Nf6 4.e3 Bg4 5.h3 Bh5 6.Nc3 e6 7.g4 Bg6 8.Ne5 Nbd7
9.Nxg6 hxg6 10.Bd2 g5 11.Qf3 Bb4 12.Bd3 Nb6 13.c5 Nc4 14.Bxc4 dxc4 15.Qe2 b5
16.cxb6 Qxb6 17.Qxc4 Nxg4 18.Na4 Bxd2+ 19.Kxd2 Qa5+ 20.Ke2 Nf6 21.Qxc6+ Ke7
22.Qb7+ Nd7 23.Nc5 Rad8 24.a3 Qb6 25.Qxb6 axb6 26.Nxd7 Rxd7 27.Rac1 Kd6
28.Rcg1 f6 29.Rg4 Rc7 30.Kd3 Rhc8 31.Rd1 Rh8 32.Rg3 e5 33.Ke4 Ke6 34.dxe5 f5+
35.Kf3 Kxe5 36.Kg2 Rc2 37.Rxg5 Kf6 38.Rg3 Rxb2 39.Rd6+ Ke5 40.Rgg6 Rh6 41.Rxh6
gxh6 42.Rxh6 Rb3 43.f4+ Ke4 44.Re6+ Kd3 45.a4 Ke2 46.e4 fxe4 47.Rxe4+ Kd3
48.Kf3 Rb1 49.Re6 Kd4 50.Kg4 Kc5 51.Re5+ Kc6 52.h4 Rg1+ 53.Kf5 Rh1 54.Kg5 Rg1+
55.Kh5 Ra1 56.f5 Rxa4 57.f6 b5 58.Rf5 Ra8 59.f7 {#r} 1-0

[Event "Stockholm Chess Challenge"]
[Site "Stockholm SWE"]
[Date "2017.03.09"]
[Round "6.3"]
[White "Haubro,M"]
[Black "Lindgren,P"]
[Result "0-1"]
[WhiteElo "2347"]
[BlackElo "2421"]

1.e4 c5 2.Nf3 d6 3.d4 cxd4 4.Nxd4 Nf6 5.Nc3 a6 6.Bg5 Nbd7 7.f4 Qc7 8.Qf3 h6
9.Bxf6 Nxf6 10.f5 Qc5 11.O-O-O g5 12.fxg6 Bg4 13.gxf7+ Kxf7 14.Qd3 Bxd1
15.Qxd1 Bg7 16.Nf5 Rac8 17.Be2 Qe5 18.Bh5+ Kf8 19.Rf1 Rxc3 20.bxc3 Qxc3 21.Qd4
Qxd4 22.Nxd4 Kg8 23.Bg6 Ng4 24.Nf5 Bf6 25.Bh5 Ne5 26.Kb1 Kh7 27.Nxd6 Rd8
28.Ne8 Bh8 29.Kc1 Rd4 30.Nc7 Bf6 31.Nd5 Bg5+ 32.Kb2 Rxe4 33.a3 Rd4 34.Nc7 Rh4
35.Be8 Rxh2 36.Rf2 Bf6 37.Ka2 Ng4 38.Re2 Rh1 39.Nd5 Ra1+ 40.Kb3 Rb1+ 41.Ka2
Ra1+ 42.Kb3 Kg7 43.Nxe7 Rb1+ 44.Kc4 Ne5+ 45.Kd5 Bxe7 46.Kxe5 Bxa3 47.Re3 Be7
48.Rb3 Re1+ 49.Kd4 Bf6+ 50.Kd5 Rxe8 51.Rxb7+ Kg6 52.c4 Re2 53.Ra7 a5 54.c5
Rd2+ 55.Ke6 Rxg2 56.Rxa5 Rg5 57.Kd6 Bd4 58.Rb5 Bxc5+ 59.Rxc5 Rxc5 60.Kxc5 Kf5
61.Kd4 Kf4 62.Kd3 Kf3 63.Kd2 h5 64.Ke1 Kg2 {#R} 0-1

[Event "Stockholm Chess Challenge"]
[Site "Stockholm SWE"]
[Date "2017.03.09"]
[Round "6.4"]
[White "Tukhaev,A"]
[Black "Hambleton,A"]
[Result "1-0"]
[WhiteElo "2541"]
[BlackElo "2441"]

1.e4 c5 2.Nf3 e6 3.d4 cxd4 4.Nxd4 Nc6 5.Nc3 Qc7 6.Be2 a6 7.O-O Nf6 8.Be3 Bb4
9.Na4 Be7 10.c4 Nxe4 11.c5 O-O 12.Rc1 Rb8 13.g3 e5 14.Nf5 d5 15.cxd6 Nxd6
16.Bb6 Qd7 17.Ne3 Nb5 18.Nd5 Bd6 19.Bxb5 axb5 20.Nac3 Re8 21.Nxb5 Bf8 22.Ndc7
Rd8 23.Qxd7 Rxd7 24.f4 exf4 25.gxf4 Rd2 26.Rf2 Rxf2 27.Kxf2 Bf5 28.Nd5 f6
29.a3 Re8 30.Re1 Rxe1 31.Kxe1 Kf7 32.Kf2 g5 33.b4 Bd3 34.Nd4 Bd6 35.Nxc6 bxc6
36.Bc7 Bxc7 37.Nxc7 Ke7 38.Na8 Kd6 39.Nb6 h5 40.Na4 Be4 41.Nc5 Bd5 42.Kg3 Kc7
43.a4 Bc4 44.h4 g4 45.f5 Bd5 46.Kf4 Kd6 47.a5 Kc7 48.a6 Kb6 49.Nd7+ Kxa6
50.Nxf6 Bb3 51.Nxh5 Kb5 52.Ng3 c5 53.bxc5 Kxc5 54.Ke4 {#r} 1-0

[Event "Stockholm Chess Challenge"]
[Site "Stockholm SWE"]
[Date "2017.03.09"]
[Round "6.5"]
[White "Westerberg,J"]
[Black "Pogosyan,Stefan"]
[Result "0-1"]
[WhiteElo "2475"]
[BlackElo "2215"]

1.e4 c6 2.d4 d5 3.exd5 cxd5 4.Bf4 Nc6 5.c3 Nf6 6.Nd2 Bf5 7.Ngf3 e6 8.Qb3 Qb6
9.Nh4 Bg4 10.h3 Bh5 11.g4 Bg6 12.Nxg6 hxg6 13.Be2 Be7 14.h4 Nd7 15.Nf3 Nf6
16.Ne5 Ne4 17.h5 g5 18.Bh2 Qxb3 19.axb3 Nxe5 20.Bxe5 f6 21.Bh2 Bd6 22.f3 Bxh2
23.Rxh2 Nd6 24.Bd3 Kd7 25.Kd2 a5 26.Bg6 b5 27.Re2 Ne8 28.Ree1 Nd6 29.Re2 Ne8
30.Rf1 a4 31.Kc2 Nc7 32.f4 gxf4 33.Rxf4 b4 34.cxb4 Rab8 35.bxa4 Rxb4 36.b3 e5
37.Rf3 Rxd4 38.Bf5+ Kd6 39.Kb2 Rb4 40.Rc2 d4 41.Be4 Nd5 42.Bxd5 Kxd5 43.Rc7
Rhb8 44.Rxg7 Ke4 45.Rf2 Rxb3+ 46.Ka2 d3 47.Rd7 R3b4 48.Ka3 Ke3 49.Rh2 Rd4
50.Rh3+ Ke4 51.Rxd4+ Kxd4 52.Rf3 e4 53.Rxf6 e3 54.Rd6+ Ke4 55.h6 e2 56.g5 Kf5
{#R} 0-1

[Event "Stockholm Chess Challenge"]
[Site "Stockholm SWE"]
[Date "2017.03.09"]
[Round "6.6"]
[White "Hemant,S2"]
[Black "Kaasen,Tor Fredrik"]
[Result "1-0"]
[WhiteElo "2399"]
[BlackElo "2442"]

1.Nf3 Nf6 2.c4 g6 3.Nc3 Bg7 4.g3 O-O 5.Bg2 d6 6.d3 Nc6 7.Rb1 a5 8.a3 e5 9.b4
axb4 10.axb4 Re8 11.Nd2 Be6 12.Nd5 Qd7 13.Nxf6+ Bxf6 14.Ne4 Bg7 15.Ng5 Bf5
16.b5 Nd8 17.O-O h6 18.Ne4 Kh7 19.Qd2 Be6 20.b6 c6 21.c5 dxc5 22.Nxc5 Qd6
23.Nxe6 Nxe6 24.Qb4 Qxb4 25.Rxb4 Ra2 26.Rb2 Rea8 27.Rxa2 Rxa2 28.Bxc6 Nd4
29.Bxb7 Nxe2+ 30.Kg2 Nxc1 31.Rxc1 Rb2 32.Rc7 f5 33.Rc6 e4 34.dxe4 fxe4 35.Ba6
e3 36.Bd3 Rxf2+ 37.Kh3 e2 38.Rxg6 Rf3 39.Bxe2 Re3 40.b7 Rb3 41.Bd3 Kh8 42.Re6
{#r} 1-0

[Event "Stockholm Chess Challenge"]
[Site "Stockholm SWE"]
[Date "2017.03.09"]
[Round "6.7"]
[White "Mihajlov,Seb"]
[Black "Stefansson,Vignir Vatnar"]
[Result "1-0"]
[WhiteElo "2346"]
[BlackElo "2353"]

1.d4 e6 2.c4 f5 3.Nf3 Nf6 4.g3 Be7 5.Bg2 O-O 6.O-O d6 7.Nc3 Ne4 8.Nxe4 fxe4
9.Ne1 d5 10.Be3 Nc6 11.Rc1 Bf6 12.f3 dxc4 13.Rxc4 e5 14.d5 exf3 15.Nxf3 Ne7
16.Bc5 Re8 17.Qb3 Nf5 18.Rcc1 b6 19.Ba3 Kh8 20.e4 Nd6 21.Qc2 Ba6 22.Rfe1 Re7
23.h4 Bc8 24.Re3 Rf7 25.b3 Bg4 26.Nh2 Bc8 27.Bb2 a5 28.a4 Ra7 29.Kh1 Qe7
30.Qe2 g6 31.Ng4 Bg7 32.Rec3 Ba6 33.Qc2 h5 34.Nh2 g5 35.Nf3 gxh4 36.Nxh4 Qg5
37.Kh2 Bc8 38.Rf3 Rxf3 39.Nxf3 Qe7 40.Nh4 Kh7 41.Ba3 Bf6 42.Qf2 Bxh4 43.gxh4
Bg4 44.Rf1 Kg8 45.Bc1 Ra8 46.Bg5 Qh7 47.Qc2 Rf8 48.Rxf8+ Kxf8 49.Bf6 Nb7
50.Bxe5 Nc5 51.Qf2+ Ke8 52.Qc2 Kd7 53.Bg3 Kc8 54.Kh1 Qg6 55.Kh2 Qh7 56.Qc4 Bd1
57.b4 Bb3 58.Qc3 axb4 59.Qxb4 Bxa4 60.e5 Bc2 61.Qb5 Ba4 62.Qe2 Be8 63.Qf3 Qf7
64.Qa3 Ba4 65.d6 cxd6 66.exd6 Qb3 67.Qa1 Qe3 68.Qb1 Nd3 69.Qf1 Nc5 70.Qf5+ Bd7
71.Qd5 Kd8 72.Qxh5 Ne4 73.Be5 Qf2 74.Qh8+ Be8 75.Qh7 {#r} 1-0

[Event "Stockholm Chess Challenge"]
[Site "Stockholm SWE"]
[Date "2017.03.09"]
[Round "6.8"]
[White "Kenneskog,Theodor"]
[Black "Rakesh,Kumar Jena"]
[Result "1-0"]
[WhiteElo "2323"]
[BlackElo "2315"]

1.d4 d5 2.c4 c6 3.cxd5 cxd5 4.Bf4 Nc6 5.e3 Nf6 6.Nc3 a6 7.Bd3 g6 8.h3 Bg7
9.Nf3 O-O 10.O-O Bf5 11.Bxf5 gxf5 12.Na4 Ne4 13.Rc1 Rc8 14.Qb3 b5 15.Nc5 Nxc5
16.Rxc5 Na5 17.Rxc8 Qxc8 18.Qb4 Nc6 19.Qc5 e5 20.Rc1 exf4 21.Qxc6 Qxc6 22.Rxc6
fxe3 23.fxe3 Ra8 24.Kf2 Kf8 25.g3 Ke8 26.Rc5 Bf8 27.Rxd5 Rc8 28.Ne1 Rc1
29.Re5+ Be7 30.a3 Rb1 31.Nd3 Rd1 32.Nb4 f6 33.Re6 Kf7 34.Rxa6 Bxb4 35.axb4
Rd2+ 36.Ke1 Rxb2 37.d5 Rxb4 38.Ra7+ Ke8 39.Rxh7 Re4 40.Kf2 Re5 41.d6 Rd5
42.Rb7 Kd8 43.Kf3 Kc8 44.Rb6 Kd7 45.Kf4 Re5 46.h4 Re4+ 47.Kf3 Re5 48.Kf4 Re4+
49.Kxf5 Rxe3 50.g4 Rf3+ 51.Kg6 Rf4 52.g5 fxg5 53.hxg5 Rb4 54.Kf7 Rb1 55.g6 b4
56.g7 Rf1+ 57.Kg6 Rg1+ 58.Kf6 Rf1+ 59.Ke5 Re1+ 60.Kd4 Rd1+ 61.Kc4 Rc1+ 62.Kxb4
Rc8 63.Kb5 Ke6 64.Rc6 Rg8 65.Kb6 Ra8 66.Kb7 Kd5 {#r} 1-0

[Event "Stockholm Chess Challenge"]
[Site "Stockholm SWE"]
[Date "2017.03.09"]
[Round "6.9"]
[White "Risting,Eivind Olav"]
[Black "Tuomainen,Felix"]
[Result "1-0"]
[WhiteElo "2283"]
[BlackElo "2297"]

1.d4 Nf6 2.c4 e6 3.Nc3 Bb4 4.e3 d5 5.Nf3 O-O 6.Bd3 c5 7.O-O dxc4 8.Bxc4 Nbd7
9.a3 Ba5 10.Qe2 cxd4 11.exd4 Nb6 12.Bd3 Nbd5 13.Ne4 h6 14.Rd1 Bd7 15.Nc5 Bb6
16.Bd2 Bxc5 17.dxc5 Qc7 18.Rac1 Nf4 19.Bxf4 Qxf4 20.Ne5 Ba4 21.Re1 Bb3 22.Rc3
Bd5 23.g3 Qd4 24.Bc2 Bc6 25.Rd1 Bb5 26.Qe1 {#r} 1-0

[Event "Stockholm Chess Challenge"]
[Site "Stockholm SWE"]
[Date "2017.03.09"]
[Round "6.11"]
[White "Baasansuren,Erdene"]
[Black "Thorn,E"]
[Result "0-1"]
[WhiteElo "2221"]
[BlackElo "2284"]

1.d4 Nf6 2.c4 e6 3.g3 Bb4+ 4.Bd2 a5 5.Bg2 d6 6.Nf3 Nbd7 7.O-O e5 8.Bc3 exd4
9.Bxd4 O-O 10.Qc2 Re8 11.a3 Bc5 12.Nc3 Bxd4 13.Nxd4 Ne5 14.b3 c6 15.h3 Qc7
16.e4 Bd7 17.Rad1 Rad8 18.Rfe1 Bc8 19.Kh2 Ng6 20.Na4 h5 21.c5 dxc5 22.Qxc5 h4
23.Nb5 hxg3+ 24.fxg3 Qb8 25.Nbc3 Ne5 26.Rxd8 Rxd8 27.Qxa5 Rd2 28.Ne2 Qd6
29.Nac3 Bxh3 30.Nd5 Nfg4+ 31.Kg1 Bxg2 32.Kxg2 Qh6 33.Qd8+ Kh7 34.Rh1 Rxe2+
35.Kg1 Nf3+ {#R} 0-1

[Event "Stockholm Chess Challenge"]
[Site "Stockholm SWE"]
[Date "2017.03.09"]
[Round "6.12"]
[White "Sorensen,Hampus"]
[Black "Pantzar,Milton"]
[Result "0-1"]
[WhiteElo "2192"]
[BlackElo "2257"]

1.d4 Nf6 2.c4 c5 3.d5 b5 4.Qc2 bxc4 5.e4 d6 6.Bxc4 g6 7.h3 Bg7 8.Nc3 O-O 9.Nf3
Ba6 10.Bxa6 Nxa6 11.O-O Qb6 12.Be3 Rfb8 13.Rab1 Nb4 14.Qe2 a5 15.a3 Na6 16.Nd2
Nd7 17.Nc4 Qd8 18.f4 Nc7 19.Qf3 Nb6 20.Nxb6 Rxb6 21.f5 Qe8 22.h4 Rab8 23.Nd1
Rb3 24.Qg4 Rxa3 25.Rf3 Ra4 26.b3 Nxd5 27.bxa4 Rxb1 28.exd5 Rxd1+ 29.Kh2 Rxd5
30.h5 Qc8 31.h6 Bf8 32.Qg5 Rxf5 33.Qg4 Rh5+ {#R} 0-1

[Event "49th Belgrade WGM 2017"]
[Site "Belgrade SRB"]
[Date "2017.03.09"]
[Round "7.1"]
[White "Zarkovic,M"]
[Black "Djukic,Sa"]
[Result "1-0"]
[WhiteElo "2238"]
[BlackElo "2182"]

1.e4 d5 2.exd5 Qxd5 3.Nc3 Qa5 4.d4 Nf6 5.Bc4 c6 6.Nf3 Bg4 7.Qd3 Nbd7 8.Bd2 e6
9.O-O-O Qh5 10.Ne2 Bxf3 11.gxf3 O-O-O 12.Qb3 Bd6 13.h4 Nb6 14.Bd3 Qxf3 15.c4
c5 16.Be3 Qc6 17.Rhg1 Rhg8 18.Kb1 h6 19.Nc3 cxd4 20.Nb5 Bb8 21.Nxd4 Qa4 22.Qc3
Be5 23.f4 Bxd4 24.Bxd4 Nbd7 25.b3 Qa3 26.Bc2 Kb8 27.Qe3 Rc8 28.Rd2 Qb4
29.Bxa7+ Ka8 30.Bd4 Rxc4 31.a3 Qb5 32.Bb2 Rc6 33.Rgd1 Rgc8 34.b4 Nd5 35.Qd4
N7f6 36.Bd3 Qa4 37.b5 Qxd4 38.Bxd4 Rc3 39.Kb2 R3c7 40.Be5 Rc5 41.Bd4 R5c7
42.Be5 Nc3 43.Rg1 Na4+ 44.Ka2 Rd7 45.Rc2 Rcd8 46.Bc4 Nb6 47.Bb3 h5 48.Bc7 Nbd5
49.Bxd8 Rxd8 50.Rxg7 Nxf4 51.Rxf7 N6d5 52.Rh7 Ka7 53.Bxd5 Rxd5 54.a4 Kb6
55.Kb3 Nd3 56.Rc4 Nc5+ 57.Kb4 Nd3+ 58.Kc3 Nc5 59.Rh8 Rf5 60.Rd4 e5 61.Rd6+ Kc7
62.Rg6 Nxa4+ 63.Kb4 Rf4+ 64.Ka3 Nb6 65.Rh7+ Nd7 66.b6+ Kd8 67.Rd6 {#r} 1-0

[Event "49th Belgrade WGM 2017"]
[Site "Belgrade SRB"]
[Date "2017.03.09"]
[Round "7.3"]
[White "Chelushkina,I"]
[Black "Prudnikova,S"]
[Result "1-0"]
[WhiteElo "2236"]
[BlackElo "2288"]

1.e4 e5 2.Nf3 Nc6 3.Bc4 Bc5 4.c3 Nf6 5.d3 a6 6.Bg5 h6 7.Bh4 d6 8.Nbd2 Ba7
9.Bb3 O-O 10.Nc4 Ne7 11.Bxf6 gxf6 12.Nh4 Kg7 13.Ne3 Bxe3 14.fxe3 Ng6 15.Nf5+
Bxf5 16.exf5 Ne7 17.Qf3 d5 18.O-O-O Rh8 19.e4 Qd7 20.d4 dxe4 21.Qg3+ Kf8
22.dxe5 Qxf5 23.exf6 {#r} 1-0

[Event "49th Belgrade WGM 2017"]
[Site "Belgrade SRB"]
[Date "2017.03.09"]
[Round "7.5"]
[White "Benderac,A"]
[Black "Nestorovic,Katarina"]
[Result "1-0"]
[WhiteElo "2206"]
[BlackElo "2134"]

1.Nf3 Nf6 2.c4 e6 3.Nc3 Bb4 4.Qc2 O-O 5.e4 d6 6.d4 e5 7.d5 Bxc3+ 8.bxc3 Bg4
9.Nd2 Nbd7 10.f3 Bh5 11.Nb3 h6 12.Be3 b6 13.g4 Bg6 14.h4 h5 15.g5 Ne8 16.Bh3
Nc5 17.Bf5 Bxf5 18.exf5 c6 19.Bxc5 dxc5 20.O-O-O Qc7 21.Nd2 Nd6 22.Ne4 Nxc4
23.d6 Qb7 24.Qe2 Qa6 25.f4 exf4 26.Nf6+ gxf6 27.gxf6 Qa3+ 28.Kb1 Qb2+ 29.Qxb2
Nxb2 30.Kxb2 Rfe8 31.Rhg1+ Kh8 32.Rg5 Re2+ 33.Kb3 f3 34.Rxh5+ Kg8 35.Rd3 Rf2
36.d7 Rd8 37.Re3 {#r} 1-0

[Event "PEP 2017"]
[Site "Belgrade SRB"]
[Date "2017.03.09"]
[Round "10"]
[White "Ozen,Bahadir"]
[Black "Djordjevic,Vu"]
[Result "0-1"]
[WhiteElo "2303"]
[BlackElo "2421"]

1.b3 e5 2.Bb2 Nc6 3.e3 d5 4.Bb5 Bd6 5.f4 Qh4+ 6.g3 Qe7 7.Nf3 f6 8.Nc3 Be6
9.Qe2 a6 10.Ba4 Nh6 11.fxe5 fxe5 12.e4 d4 13.Nd5 Qd7 14.b4 O-O 15.h3 Bxh3
16.O-O-O Kh8 17.Nh2 Bg4 18.Nxg4 Qxg4 19.Qxg4 Nxg4 20.Rh4 Nf2 21.Re1 Nxb4
22.Nxb4 Bxb4 23.Bd7 g6 24.Be6 Rf6 25.Bb3 Rf3 26.Re2 Rxg3 27.Re1 Rf8 28.a3 Be7
{#R} 0-1

[Event "PEP 2017"]
[Site "Belgrade SRB"]
[Date "2017.03.09"]
[Round "10"]
[White "Roganovic,Milo"]
[Black "Damljanovic,B"]
[Result "1-0"]
[WhiteElo "2481"]
[BlackElo "2548"]

1.e4 c5 2.Nf3 d6 3.Bb5+ Nd7 4.c3 Nf6 5.Qe2 Qc7 6.O-O a6 7.Ba4 c4 8.Bc2 e6 9.a4
Be7 10.Re1 Qc5 11.Na3 Nb6 12.e5 Nfd5 13.exd6 Bxd6 14.a5 Qxa5 15.Nxc4 Bxh2+
16.Kxh2 Qxa1 17.Nd6+ Ke7 18.d4 Nf6 19.Nf5+ Kd8 20.Nxg7 Nbd5 21.Bg5 Qa5 22.Nh5
Rg8 23.Bxf6+ {#r} 1-0